A first course in noncommutative rings /

Guardado en:
Autor Principal: Lam, T. Y. 1942-
Formato: Libro
Idioma:English
Publicado: New York : Springer-Verlag, c1991.
Series:Graduate texts in mathematics ; 131
Materias:
Etiquetas: Agregar Etiqueta
Sin Etiquetas, Sea el primero en etiquetar este registro!
LEADER 01054pam a2200241 a 4500
001 MAT.inmabb003555
008 910111s1991####nyu######b####001#0#eng##
005 20130227130754.0
245 1 2 |a A first course in noncommutative rings /  |c T. Y. Lam. 
260 |a New York :  |b Springer-Verlag,  |c c1991. 
300 |a xv, 397 p. ;  |c 25 cm. 
440 0 |a Graduate texts in mathematics ;  |v 131 
504 |a Incluye referencias bibliográficas ([381]-383) e índices. 
505 0 |a 1. Wedderburn-Artin theory -- 2. Jacobson radical theory -- 3. Introduction to representation theory -- 4. Prime and primitive rings -- 5. Introduction to division rings -- 6. Ordered structures in rings -- 7. Local rings, semilocal rings, and idempotents -- 8. Perfect and semiperfect rings. 
510 4 |a MR,  |c 92f:16001 
020 |a 0387975233 
020 |a 3540975233 (Berlin) 
100 1 |a Lam, T. Y.  |q (Tsit-Yuen),  |d 1942- 
650 0 |a Noncommutative rings. 
084 |a 16-01  |2 msc2000 
010 |a  91006893  
040 |a DLC  |c DLC  |d DLC 
859 |h 16  |i L213  |p A-6563  |b BIB. MATEMATICA